LEADER 01097nam--2200385---450- 001 990002786520203316 005 20060721113325.0 010 $a88-204-3772-4 035 $a000278652 035 $aUSA01000278652 035 $a(ALEPH)000278652USA01 035 $a000278652 100 $a20060721d1990----km-y0itay0103----ba 101 $aita 102 $aIT 105 $a||||||||001yy 200 1 $a<> gestione del knowhow$ecome creare valore aggiunto valorizzando la creativita$fKarl Erik Sveiby e Tom Lloyd 210 $aMilano$cF. Angeli$dc1990 215 $a264 p.$d22 cm 225 2 $aUomini & imprese$v6 410 0$12001$aUomini & imprese$v6 454 1$12001$aManaging knowhow$917092 461 1$1001-------$12001 606 0 $aKnow-how 676 $a658.3 700 1$aSVEIBY,$bKarl Erik$0107442 701 1$aLLOYD,$bTom$0107443 801 0$aIT$bsalbc$gISBD 912 $a990002786520203316 951 $aP08 546$bDISTRA 959 $aBK 969 $aDISTRA 979 $aDISTRA1$b90$c20060721$lUSA01$h1133 996 $aManaging knowhow$917092 997 $aUNISA LEADER 01849oam 2200505M 450 001 9910716326503321 005 20200213070623.2 035 $a(CKB)5470000002520873 035 $a(OCoLC)1065992118 035 $a(OCoLC)995470000002520873 035 $a(EXLCZ)995470000002520873 100 $a20071213d1926 ua 0 101 0 $aeng 135 $aurcn||||||||| 181 $ctxt$2rdacontent 182 $cc$2rdamedia 183 $acr$2rdacarrier 200 10$aBridge across the Mahoning River at Girard, Ohio. May 17 (calendar day, May 19), 1926. -- Ordered to be printed 210 1$a[Washington, D.C.] :$c[U.S. Government Printing Office],$d1926. 215 $a1 online resource (2 pages) 225 1 $aSenate report / 69th Congress, 1st session. Senate ;$vno. 852 225 1 $a[United States congressional serial set ] ;$v[serial no. 8526] 300 $aBatch processed record: Metadata reviewed, not verified. Some fields updated by batch processes. 300 $aFDLP item number not assigned. 517 $aBridge across the Mahoning River at Girard, Ohio. May 17 606 $aBridge construction industry 606 $aBridges$xDesign and construction 606 $aBridges 606 $aLegislative amendments 608 $aLegislative materials.$2lcgft 615 0$aBridge construction industry. 615 0$aBridges$xDesign and construction. 615 0$aBridges. 615 0$aLegislative amendments. 701 $aBingham$b Hiram$f1875-1956$pRepublican (CT)$0463205 801 0$bWYU 801 1$bWYU 801 2$bOCLCO 801 2$bOCLCQ 801 2$bOCLCO 801 2$bOCLCQ 906 $aBOOK 912 $a9910716326503321 996 $aBridge across the Mahoning River at Girard, Ohio. May 17 (calendar day, May 19), 1926. -- Ordered to be printed$93483435 997 $aUNINA